Miasta województwa warmińsko-mazurskiego (dawne nazwy) - Statystyki

Ogólne statystyki
  • Ten quiz został rozwiązany 95 razy
  • Średni wynik to 11 z 16
Statystyki odpowiedzi
Niemiecka: Polska: % Poprawnych
Allenstein Olsztyn
100%
Elbing Elbląg
99%
Osterode Ostróda
93%
Lyck Ełk
83%
Bartenstein Bartoszyce
82%
Nikolaiken Mikołajki
82%
Neidenburg Nidzica
72%
Lötzen Giżycko
71%
Rastenburg Kętrzyn
67%
Heilsberg Lidzbark Warmiński
65%
Sensburg Mrągowo
65%
Ortelsburg Szczytno
61%
Neumark in Westpreußen Nowe Miasto Lubawskie
53%
Soldau Działdowo
50%
Rhein Ryn
42%
Preußisch Holland Pasłęk
36%
Nie znaleziono quizów pasujących do podanych kryteriów
Rozkład punktacji
Procent ludzi z każdym wynikiem
Percentyl według liczby udzielonych odpowiedzi
Twoja historia wyników
Nie rozwiązałeś tego quizu